Ley federal para la prevencin̤ e identificacin̤ de operaciones con recursos de procedencia ilc̕ita

Detalles Bibliográficos
Formato: eBook
Lenguaje:español
Publicado: Ciudad de Mx̌ico: Ediciones Fiscales ISEF, 2019
Edición:Cuarta edicin̤
Materias:
Acceso en línea:Acceso restringido

MARC

LEADER 00000nam a22000007a 4500
005 2019072605005.0
007 cr|||| ||||
008 190726s2019 mx |||||s|||| 00||0 spa d
020 |a 978-368-726-991-5 
035 |a 23925 
040 |a vLex 
090 |c 9071  |d 9071 
245 0 0 |a Ley federal para la prevencin̤ e identificacin̤ de operaciones con recursos de procedencia ilc̕ita  |h [Recurso electrn̤ico] / 
250 |a Cuarta edicin̤ 
256 |a Servicio en ln̕ea 
260 |a Ciudad de Mx̌ico:  |b Ediciones Fiscales ISEF,  |c 2019 
300 |a 1 recurso electrn̤ico 
506 1 |a Disponible solo en los productos indicados  |d vLex Global  |d vLex Global (Academic Edition, excluding Law Schools)  |d vLex Global (U.S. Academic Edition, Law Schools)  |d vLex Global (U.S. Academic Edition, excluding Law Schools)  |d vLex Global (Academic Edition, Law Schools) 
650 0 4 |a Derecho Penal  |z Mx̌ico 
650 0 4 |a Derecho Fiscal  |z Mx̌ico 
740 0 |a vLex Libros (Servicio en ln̕ea) 
856 4 0 |u http://vlex.com/source/ley-federal-prevencion-identificacion-operaciones-recursos-procedencia-ilicita-23925  |z Acceso restringido 
942 |c BOOK 
999 0 |a Criminal Law 
999 0 |a Tax Law